| 000 | 00460 a2200157 4500 | ||
|---|---|---|---|
| 005 | 20250613063752.0 | ||
| 020 | _a978-1-265-10259-3 | ||
| 082 | _a658.15 BRE | ||
| 100 | _aBREALEY, R . A . | ||
| 245 | _aFundamentals of Corporate Finance | ||
| 250 | _a11th Ed. | ||
| 260 |
_aNew Yorkm, _bMcGraw- Hill, _c2023. |
||
| 300 |
_axxxi, 766p.: ilol.; figure, table, _bglossary & index, _c28cm. |
||
| 700 | _aMYERS, S .C . & MARCUS, A . J . | ||
| 942 |
_2ddc _cBKS |
||
| 999 |
_c3919 _d3919 |
||